<?xml version="1.0" encoding="UTF-8"?>
<record
    xmlns:xsi="http://www.w3.org/2001/XMLSchema-instance"
    xsi:schemaLocation="http://www.loc.gov/MARC21/slim http://www.loc.gov/standards/marcxml/schema/MARC21slim.xsd"
    xmlns="http://www.loc.gov/MARC21/slim">

  <leader>00639nam a2200217Ia 4500</leader>
  <controlfield tag="003">GCL</controlfield>
  <controlfield tag="005">20240530110923.0</controlfield>
  <controlfield tag="008">140319s2001    cn-ae         000 0 eng d</controlfield>
  <datafield tag="020" ind1=" " ind2=" ">
    <subfield code="a">0865731497</subfield>
  </datafield>
  <datafield tag="040" ind1=" " ind2=" ">
    <subfield code="a">GCL / </subfield>
    <subfield code="c">GCL</subfield>
  </datafield>
  <datafield tag="082" ind1="0" ind2="4">
    <subfield code="a">747/</subfield>
    <subfield code="b">W A</subfield>
  </datafield>
  <datafield tag="100" ind1="1" ind2=" ">
    <subfield code="a">Woloszynska, Suzanne</subfield>
  </datafield>
  <datafield tag="245" ind1="1" ind2="4">
    <subfield code="a">The Art of Interior Design  :</subfield>
    <subfield code="b">Selectibg Elements for Distinctive Styless /</subfield>
    <subfield code="c">Suzanne Woloszynska </subfield>
  </datafield>
  <datafield tag="260" ind1=" " ind2=" ">
    <subfield code="a">Canada : </subfield>
    <subfield code="b">Creative Publishing International &#x60C; </subfield>
    <subfield code="c">.2001</subfield>
  </datafield>
  <datafield tag="300" ind1=" " ind2=" ">
    <subfield code="a">256 P. :</subfield>
    <subfield code="b">ill ;</subfield>
    <subfield code="c">30 cm.</subfield>
  </datafield>
  <datafield tag="650" ind1="0" ind2="4">
    <subfield code="a">ARTS</subfield>
  </datafield>
  <datafield tag="650" ind1="0" ind2="4">
    <subfield code="a"> ART DECORATION</subfield>
  </datafield>
  <datafield tag="650" ind1="0" ind2="4">
    <subfield code="a">INTERIOR DESIGN</subfield>
  </datafield>
  <datafield tag="650" ind1="0" ind2="4">
    <subfield code="a"> HOME DECORATING</subfield>
  </datafield>
  <datafield tag="942" ind1=" " ind2=" ">
    <subfield code="2">ddc</subfield>
    <subfield code="c">BK</subfield>
  </datafield>
  <datafield tag="999" ind1=" " ind2=" ">
    <subfield code="c">66518</subfield>
    <subfield code="d">66518</subfield>
  </datafield>
  <datafield tag="952" ind1=" " ind2=" ">
    <subfield code="0">0</subfield>
    <subfield code="1">0</subfield>
    <subfield code="2">ddc</subfield>
    <subfield code="4">0</subfield>
    <subfield code="7">0</subfield>
    <subfield code="a">CAI</subfield>
    <subfield code="b">CAI</subfield>
    <subfield code="c">&#x627;&#x644;&#x641;&#x646;&#x648;&#x646;-&#x627;&#x646;&#x62C;&#x644;&#x64A;&#x632;&#x649;</subfield>
    <subfield code="d">2022-06-14</subfield>
    <subfield code="l">0</subfield>
    <subfield code="o">747/ W A</subfield>
    <subfield code="p">168086</subfield>
    <subfield code="r">2022-06-14 00:00:00</subfield>
    <subfield code="w">2022-06-14</subfield>
    <subfield code="y">BK</subfield>
  </datafield>
</record>
